000 00622nam a2200193Ia 4500
005 20250508164331.0
008 008 250505s9999 xx 000 0 eng d
020 _a81-7450-763-9
037 _aReference
040 _aFEDL
_beng
_cFEDL
041 _aeng
_2eng
084 _a320, NCE
_qFEDL
245 0 _aPolitics in Indian since Independence : Textboook in political science for class 12th
245 0 _cNCERT (New Delhi India)
260 _aNew Delhi, India
_bNational Council of Educational Research and Training
_c2007
300 _avii,194p
942 _cREF
_h320, NCE
999 _c1388493
_d1388493